[Event "Campeonato Estadual de Mestres do  RJ 2"]
[Site "ALEX"]
[Date "2025.06.22"]
[Round "6.2"]
[White "Chaves, Jorge Antonio Torre"]
[Black "De Albuquerque, Ian Telek C."]
[Result "0-1"]
[WhiteElo "1935"]
[BlackElo "2175"]
[Annotator "CB - RR"]
[PlyCount "64"]
[EventDate "2025.06.19"]
[EventRounds "6"]
[EventCountry "BRA"]

1. e4 c5 2. Nc3 a6 3. a4 Nc6 4. g3 g6 5. Bg2 Bg7 6. Nge2 e6 7. d3 Nge7 8. Be3 Nd4 9. O-O O-O 10. Qd2 d6 11. f4 f5 12. Nd1 $146 ({RR} 12. Rfe1 Nec6 13. Nd1 e5 14. Bxd4 cxd4 15. c3 Qb6 16. Kh1 fxe4 17. cxd4 exd3 18. Qxd3 exd4 19. Qc4+ Kh8 20. Nf2 Bf5 21. g4 Bd7 22. Ne4 Na5 23. Qd5 Bc6 24. Qxd6 Nc4 25. Qe6 Ne3 26. Rac1 Nxg2 {Casamayor Ferrer,M (1642)-Perez Leiva,J (2295) San Nicolas de Bari 2018 0-1}) 12... Rb8 13. Nxd4 cxd4 14. Bf2 Bd7 15. a5 Nc6 16. b3 e5 17. Nb2 Bh6 18. exf5 Bxf5 19. Bd5+ Kh8 20. Nc4 Bh3 21. Rfe1 exf4 22. Bxc6 bxc6 23. Bxd4+ Kg8 24. Kh1 Qg5 25. Nxd6 Qd5+ 26. Ne4 Qxd4 27. Ra4 Qd5 28. c4 Qh5 29. Qf2 fxg3 30. Qxg3 Bf4 31. Qf2 Be5 32. Qe3 Bg2+ 0-1

[Event "Campeonato Estadual de Mestres do  RJ 2"]
[Site "ALEX"]
[Date "2025.06.22"]
[Round "6.3"]
[White "Manzi, Luiz Antonio Bardar"]
[Black "De Carvalho Jr, Rogerio Brambila"]
[Result "1-0"]
[WhiteElo "2044"]
[BlackElo "1943"]
[Annotator "CB - RR"]
[PlyCount "63"]
[EventDate "2025.06.19"]
[EventRounds "6"]
[EventCountry "BRA"]

1. Nf3 Nf6 2. g3 g6 3. Bg2 Bg7 4. O-O O-O 5. d3 d6 6. e4 c6 7. c3 e5 ({RR} 7... Qa5 8. h3 Nbd7 9. Re1 e5 10. Na3 Qc7 11. Nc4 b5 12. Ne3 a5 13. a4 b4 14. Nd2 Ba6 15. Ndc4 bxc3 16. bxc3 Rab8 17. Ba3 c5 18. Rc1 Rb7 19. d4 Rfb8 20. dxe5 dxe5 21. Qd6 Qxd6 22. Nxd6 {Loay,S (2218)-Annaberdiyev,S (2121) chess.com INT 2024 0-1 (59)}) 8. h3 h6 9. Be3 Be6 10. Qd2 $146 ({RR} 10. a4 Nbd7 11. Na3 Qe8 12. b4 Nh5 13. Qd2 Kh7 14. Nc4 d5 15. Na5 Qc8 16. Qc2 f5 17. exf5 gxf5 18. Nh4 b6 19. Nb3 Qe8 20. Rae1 Bf6 21. Nxf5 Bxf5 22. g4 Be6 23. gxh5 Qxh5 24. Kh2 Bg5 {Damous,F (2030)-De Oliveira,A Fortaleza 2010 0-1 (35)}) 10... Kh7 11. Na3 Na6 12. Nc2 Nc7 13. a4 Nd7 14. Nh2 f5 15. f4 d5 16. exf5 Bxf5 17. g4 Be6 18. fxe5 Rxf1+ 19. Rxf1 Nxe5 20. Nd4 Bg8 21. Bf4 Qd7 22. Nhf3 Nxf3+ 23. Nxf3 Re8 24. d4 Ne6 25. Be5 g5 26. Qd3+ Kh8 27. Qg6 Bxe5 28. Nxe5 Nf4 29. Qxh6+ Qh7 30. Qxg5 Nxh3+ 31. Bxh3 Qxh3 32. Rf3 1-0

[Event "Campeonato Estadual de Mestres do  RJ 2"]
[Site "ALEX"]
[Date "2025.06.22"]
[Round "6.4"]
[White "De Moura Silva, Guilherme"]
[Black "Okamura, Milton Kasuo"]
[Result "0-1"]
[WhiteElo "1911"]
[BlackElo "2042"]
[Annotator "CB - RR"]
[PlyCount "46"]
[EventDate "2025.06.19"]
[EventRounds "6"]
[EventCountry "BRA"]

1. d4 d5 2. Nc3 Nf6 3. Bf4 Bf5 4. e3 e6 5. Bd3 Bg6 6. h4 Be7 $146 ({RR} 6... Bd6 7. h5 Bxd3 8. Qxd3 h6 9. O-O-O Nbd7 10. Nge2 a6 11. f3 Qe7 12. g4 O-O-O 13. Kb1 Kb8 14. Bxd6 Qxd6 15. e4 dxe4 16. Nxe4 Qb6 17. Nd2 Ne5 18. Qb3 Qxb3 19. axb3 Nc6 20. Nc4 Nd5 21. c3 {So,W (2757)-Caruana,F (2804) Saint Louis USA 2024 0-1 (63)}) ({RR} 6... Bd6 7. h5 Bxd3 8. Qxd3 Nc6 9. Nf3 Qe7 10. h6 Bxf4 11. hxg7 Rg8 12. exf4 Rxg7 13. g3 O-O-O 14. O-O-O h5 15. Ne5 Nxe5 16. dxe5 Ng4 17. Rd2 Qc5 18. Qf3 Rh8 19. a3 a6 20. b4 Qc6 21. Kb2 {Carlsen,M (2837)-Bacrot,E (2633) chess.com INT 2025 1-0 (38)}) ({RR} 6... Bd6 7. Bxd6 Qxd6 8. h5 Bxd3 9. Qxd3 Nbd7 10. Nf3 h6 11. O-O-O O-O-O 12. Kb1 Kb8 13. e4 dxe4 14. Nxe4 Qd5 15. Nxf6 Nxf6 16. Ne5 Rhf8 17. f3 c5 18. c3 cxd4 19. Qxd4 Qxd4 20. Rxd4 Rxd4 21. cxd4 {Salajan,S (1717)-Vilcu,M (2163) Poiana Brasov 2022 0-1 (55)}) ({RR} 6... Bd6 7. h5 Bxd3 8. Qxd3 h6 9. O-O-O Nc6 10. Nf3 Qe7 11. Bxd6 Qxd6 12. Kb1 a6 13. e4 Nb4 14. Qe2 dxe4 15. Ne5 O-O 16. a3 Nbd5 17. Nxe4 Nxe4 18. Qxe4 b5 19. Rd3 Rad8 20. Rhd1 c5 21. dxc5 {Erigaisi,A (2701)-Yu Yangyi (2729) chess.com INT 2023 1-0 (40)}) 7. h5 Bxd3 8. Qxd3 a6 9. O-O-O Nbd7 10. Nf3 c5 11. Rdg1 Ng4 12. Qe2 b5 13. Nd2 Ngf6 14. g4 b4 15. Ncb1 h6 16. Nf3 Qa5 17. Ne5 Qxa2 18. Qf1 Rc8 19. g5 hxg5 20. Rxg5 Bf8 21. Rh3 c4 22. Qg1 c3 23. Nd3 b3 0-1

[Event "Campeonato Estadual de Mestres do  RJ 2"]
[Site "ALEX"]
[Date "2025.06.22"]
[Round "6.5"]
[White "Laba, Otavio De Souza"]
[Black "Salles, Marvio Darilho"]
[Result "0-1"]
[WhiteElo "1905"]
[BlackElo "2041"]
[Annotator "CB - RR"]
[PlyCount "72"]
[EventDate "2025.06.19"]
[EventRounds "6"]
[EventCountry "BRA"]

1. d4 Nf6 2. c4 c5 3. d5 b5 4. cxb5 a6 5. bxa6 Bxa6 6. g3 d6 7. Bg2 g6 8. Nf3 Bg7 9. O-O Nbd7 10. Nc3 O-O 11. Bg5 h6 ({RR} 11... Qb6 12. Rb1 Rfb8 13. a4 h6 14. Bf4 Qb7 15. b3 Nb6 16. e4 Bxf1 17. Bxf1 Nh5 18. Bd2 Bxc3 19. Bxc3 Nxa4 20. Bd2 Kh7 21. Qc1 c4 22. Bxc4 Nc5 23. e5 Rc8 24. Qd1 Ne4 25. e6 f5 26. Be1 {Mayank,C (2472)-Sindarov,J (2682) chess.com INT 2024 0-1 (37)}) 12. Bf4 Nh5 $146 ({RR} 12... Qa5 13. Qc1 Kh7 14. h3 Rfb8 15. Rb1 Ne8 16. Bd2 Nc7 17. Rd1 Nb5 18. Nxb5 Qxb5 19. Bc3 Bxc3 20. Qxc3 Nf6 21. Bf1 Qb4 22. Qe3 Qe4 23. Qxe4 Nxe4 24. Nd2 Nf6 25. a3 Nxd5 26. Bg2 Bb7 27. Nc4 {Pupols,V (2250)-Donaldson,J (2415) Vancouver 1988 0-1 (67)}) ({RR} 12... Kh7 13. Re1 Qa5 14. e4 Nh5 15. Bd2 Qc7 16. g4 Nhf6 17. g5 Nh5 18. gxh6 Bf6 19. Ng5+ Bxg5 20. Bxg5 Ne5 21. Bf1 f6 22. Be3 Qc8 23. Bxa6 Rxa6 24. f4 Ng4 25. Qf3 Nxh6 26. f5 Qe8 27. Bxh6 {Nobrega,A-Camara,H Blumenau 1972 1-0 (35)}) ({RR} 12... Rb8 13. Qd2 g5 14. Be3 Ng4 15. Rab1 Qa5 16. Bh3 Ndf6 17. a3 Nxe3 18. Qxe3 g4 19. Bg2 gxf3 20. Bxf3 Rb7 21. Qd2 Rfb8 22. Rfd1 Nd7 23. Ne4 Qxd2 24. Rxd2 f5 25. Nxc5 Nxc5 26. b4 Na4 {0-1 (27) Hernandez,F-Garcia Fernandez,C (2390) Albacete 1992}) 13. Be3 Nhf6 14. h3 Qb6 15. Qc1 Kh7 16. Re1 Rfb8 17. Rb1 Qb7 18. Bf4 Nb6 19. e4 Nh5 20. e5 Bd3 21. Ra1 Nc4 22. b3 Nxf4 23. Qxf4 dxe5 24. Qc1 Na3 25. Qd2 e4 26. Nxe4 Bxe4 27. Rxe4 Bxa1 28. Rf4 Kg7 29. Rh4 Rh8 30. Qe1 Bf6 31. Rf4 Nc2 32. Qb1 Nb4 33. Nh4 Qd7 34. d6 Rxa2 35. Kh2 Rb2 36. Qc1 Nd3 0-1

[Event "Campeonato Estadual de Mestres do  RJ 2"]
[Site "ALEX"]
[Date "2025.06.22"]
[Round "6.6"]
[White "Santos Filho, Tadeu Sousa"]
[Black "Reimberg, Arthur Bernardo"]
[Result "1-0"]
[WhiteElo "2035"]
[BlackElo "1934"]
[Annotator "CB - RR"]
[PlyCount "96"]
[EventDate "2025.06.19"]
[EventRounds "6"]
[EventCountry "BRA"]

1. e4 c5 2. Nf3 e6 3. c3 d5 4. exd5 Qxd5 5. d4 Nf6 6. Na3 a6 7. Nc4 Nbd7 8. Be2 cxd4 9. Qxd4 Bc5 ({RR} 9... b5 10. Na5 Bc5 11. Qxd5 Nxd5 12. Nb3 Bb6 13. a4 b4 14. a5 Ba7 15. c4 N5f6 16. O-O Bb7 17. Ra4 Bc6 18. Rxb4 e5 19. Be3 Bxe3 20. fxe3 Ke7 21. Nfd2 Rhb8 22. Rxb8 Rxb8 23. c5 Nd5 24. Bxa6 {Tadic,S (2417)-Seemann,J (2494) Petrovac MNE 2025 0-1 (34)}) 10. Qf4 $146 ({RR} 10. Qxd5 Nxd5 11. a4 O-O 12. O-O b6 13. Nfe5 f6 14. Nxd7 Bxd7 15. Bf3 Rac8 16. Rd1 Bc6 17. Re1 Rfe8 18. Bd2 Ba8 19. a5 b5 20. Nb6 Bxb6 21. Bxd5 Bxf2+ 22. Kxf2 Bxd5 23. Be3 Rc4 24. Rad1 Rec8 {Tovmasian,V (2228)-Romanov,E (2588) St Petersburg 2009 0-1 (58)}) ({RR} 10. Qxd5 Nxd5 11. Nfe5 N7f6 12. a4 a5 13. g4 h6 14. f4 b6 15. Bf3 Bb7 16. g5 hxg5 17. fxg5 Nd7 18. Nxd7 Kxd7 19. Ne5+ Kc7 20. Nxf7 Rh3 21. Bg2 Rh4 22. Ne5 Nxc3 23. Bxb7 Kxb7 24. bxc3 Re4+ {Maghsoodloo,P (2719)-Predke,A (2651) Ajka HUN 2023 0-1 (49)}) ({RR} 10. Qxd5 Nxd5 11. Nfe5 b5 12. Nxd7 Bxd7 13. Ne5 f6 14. Nxd7 Kxd7 15. Bf3 Rab8 16. Ke2 Rhd8 17. Rd1 Ke7 18. Bxd5 exd5 19. Be3 Bxe3 20. fxe3 Kd6 21. Rd4 Kc6 22. Rad1 Rd7 23. b3 Re8 24. c4 bxc4 {Plat,V (2455)-Navara,D (2697) Ledec nad Sazavou 2013 ½-½}) ({RR} 10. Qxd5 Nxd5 11. a4 b6 12. O-O Bb7 13. Nfe5 Nxe5 14. Nxe5 f6 15. Nd3 Bd6 16. Bf3 O-O-O 17. Rd1 {½-½ (17) Przewoznik,J (2430)-Staniszewski,P (2420) Wroslaw 1987}) 10... b5 11. Ne3 Qd6 12. Qh4 Bb7 13. O-O O-O 14. Rd1 Qe7 15. a4 Rab8 16. axb5 axb5 17. Ra5 b4 18. c4 Ra8 19. Rxa8 Rxa8 20. Nd2 Ne5 21. Nb3 Bb6 22. Nc2 Ng6 23. Qh3 Ne4 24. Be3 Bxe3 25. Qxe3 Qf6 26. Qd4 e5 27. Qe3 Ng5 28. Nc5 Bc8 29. Ne4 Nxe4 30. Qxe4 Rb8 31. Ne3 Nf4 32. Nd5 Nxe2+ 33. Qxe2 Qg5 34. Qd2 Qxd2 35. Rxd2 f6 36. f4 exf4 37. Nxf4 Bf5 38. Rd5 g6 39. Rb5 Rxb5 40. cxb5 Be4 41. b6 Kf7 42. Nd3 Ke7 43. Nc5 Bc6 44. b7 Bxb7 45. Nxb7 Ke6 46. Kf2 Kd5 47. Ke3 Kc4 48. Na5+ Kb5 1-0

[Event "Campeonato Estadual de Mestres do  RJ 2"]
[Site "ALEX"]
[Date "2025.06.22"]
[Round "6.8"]
[White "Sarmento, Flora Ferreira"]
[Black "Nunes, Lino Dias"]
[Result "1-0"]
[WhiteElo "1720"]
[BlackElo "1571"]
[Annotator "CB - RR"]
[PlyCount "127"]
[EventDate "2025.06.19"]
[EventRounds "6"]
[EventCountry "BRA"]

1. d4 d5 2. c4 e6 3. cxd5 exd5 4. Nc3 Nf6 5. Qc2 c6 6. Bg5 h6 7. Bh4 Be7 8. e3 O-O 9. Bd3 Be6 10. Nge2 Nbd7 11. f3 Nb6 ({RR} 11... Re8 12. O-O Nh5 13. Bf2 Bh4 14. Rae1 Bxf2+ 15. Rxf2 Nb6 16. e4 g6 17. e5 Ng7 18. Ref1 Bf5 19. f4 Nc4 20. Nd1 Rc8 21. b3 Na3 22. Qd2 Bxd3 23. Qxd3 Nb5 24. Ne3 Qd7 25. f5 Nxd4 26. Qxd4 {Pham,H (2374)-Bien,H (2363) Ho Chi Minh City 2022 1-0 (43)}) ({RR} 11... Rc8 12. O-O c5 13. Rad1 cxd4 14. Nxd4 Qb6 15. Rfe1 Bc5 16. Bf2 Ne5 17. Bf5 Nc4 18. Na4 Qd6 19. Nxc5 Rxc5 20. Qb1 Rcc8 21. a3 Rfe8 22. Bg3 Qb6 23. b4 Nxa3 24. Qb3 Nc4 25. Nxe6 fxe6 26. Bb1 {Korol,D (2287)-Korchynskyi,M (2263) chess.com INT 2024 0-1 (42)}) 12. b3 Re8 $146 ({RR} 12... a5 13. O-O Qd7 14. e4 dxe4 15. fxe4 Ng4 16. Bxe7 Qxe7 17. Rf3 Qg5 18. Rg3 h5 19. Qc1 Qxc1+ 20. Rxc1 Rad8 21. h3 Nf6 22. e5 Nfd5 23. Nxd5 Nxd5 24. Rc5 Ra8 25. Bc4 Nc7 26. Nf4 Rfd8 27. Bxe6 {Kuzma,S (1253)-Blaho,J (1512) Liptovsky Mikulas 2018 0-1 (45)}) 13. Bf2 Rc8 14. g4 Nfd7 15. h4 f6 16. Nf4 Bd6 17. Bh7+ Kf8 18. Nxe6+ Rxe6 19. Qf5 Qe7 20. Kd2 Bb4 21. Rac1 c5 22. Kd1 Rxe3 23. Bxe3 Qxe3 24. Qd3 cxd4 25. Qxe3 dxe3 26. Ne2 Rxc1+ 27. Kxc1 Bd2+ 28. Kc2 Ne5 29. Rf1 Nc6 30. a3 Ke7 31. f4 a5 32. g5 hxg5 33. fxg5 fxg5 34. hxg5 a4 35. bxa4 d4 36. Bg8 Ne5 37. Nxd4 Nxa4 38. Ne2 b5 39. Rf4 Nc3 40. Nxc3 Bxc3 41. Kxc3 Kd6 42. Rd4+ Kc6 43. Re4 Nf3 44. Rxe3 Nxg5 45. Kb4 g6 46. Rg3 Ne4 47. Rxg6+ Kd7 48. Kxb5 Nd6+ 49. Rxd6+ Kxd6 50. Kb6 Kd7 51. a4 Kc8 52. a5 Kb8 53. a6 Ka8 54. Bf7 Kb8 55. a7+ Kc8 56. a8=Q+ Kd7 57. Qc6+ Ke7 58. Qe6+ Kf8 59. Bh5 Kg7 60. Kc6 Kh8 61. Kd7 Kg7 62. Ke7 Kh7 63. Kf8 Kh8 64. Qg8# 1-0

[Event "Campeonato Estadual de Mestres do  RJ 2"]
[Site "ALEX"]
[Date "2025.06.22"]
[Round "6.10"]
[White "Da Silva, Pedro Oliveira"]
[Black "Silva, Clara Oliveira"]
[Result "1/2-1/2"]
[WhiteElo "1656"]
[BlackElo "1646"]
[Annotator "CB - RR"]
[PlyCount "29"]
[EventDate "2025.06.19"]
[EventRounds "6"]
[EventCountry "BRA"]

1. e4 e5 2. Nf3 Nc6 3. Nc3 Nf6 4. Bb5 d6 5. d4 exd4 6. Nxd4 Bd7 7. Bxc6 Bxc6 8. Nxc6 bxc6 9. Bg5 Be7 10. Bxf6 ({RR} 10. Qd2 O-O 11. O-O-O h6 12. Bf4 Nd7 13. f3 Rb8 14. h4 Bf6 15. g4 Bxh4 16. Kb1 Bg5 17. Bxg5 Qxg5 18. f4 Qa5 19. g5 Rfe8 20. gxh6 g6 21. h7+ Kg7 22. f5 Qe5 23. Rdg1 Kh8 24. fxg6 fxg6 {Vega Gutierrez,S (2392)-Bryakin,M (2471) Chess.com INT 2021 1-0 (43)}) ({RR} 10. O-O O-O 11. Qd2 Re8 12. Rfe1 h6 13. Bh4 Nxe4 14. Bxe7 Nxd2 15. Bxd8 Raxd8 16. Rxe8+ Rxe8 17. h3 Nc4 18. b3 Ne5 19. Re1 f6 20. f4 Nf3+ 21. gxf3 Rxe1+ 22. Kf2 Rc1 23. a4 Rxc2+ 24. Ne2 Kf7 {Saez de Adana Saez,M (1256)-Barrera Baucells,G (1374) Salobrena 2022 0-1 (82)}) 10... Bxf6 11. O-O O-O 12. f4 $146 ({RR} 12. Qf3 Rb8 13. Rab1 Re8 14. Rfe1 Re7 15. e5 Rxe5 16. Qxc6 Rxe1+ 17. Rxe1 Bxc3 18. Qxc3 h6 19. h3 Qd7 20. b3 c6 21. a4 c5 22. Qc4 Re8 23. Rxe8+ Qxe8 24. Kh1 Qe1+ 25. Kh2 Qxf2 26. c3 Qe3 {Sabnew,A (892)-Zarafat,D (1079) Zirndorf 2005 0-1 (56)}) 12... Re8 13. Re1 Qe7 14. Qd3 Qe6 15. a3 1/2-1/2